UNEP International Technical Guidelines for Safety in Biotechnology (Registro nro. 19964)
[ vista simple ]
| 000 -CABECERA | |
|---|---|
| Campo de control | 00630nam a2200193 a 4500 |
| 005 - FECHA Y HORA DE LA ULTIMA TRANSACCION | |
| Campo de control | 20191217042715.0 |
| 008 - ELEMENTOS DE LONGITUD FIJA—INFORMACION GENERAL | |
| Campo de control | 171114s1992 ke ||||r|||| 00| 0 eng d |
| 040 ## - FUENTE DE CATALOGACIÓN | |
| Agencia catalogadora original | CO-BoIAVH |
| Agencia transcriptora | CO-BoIAVH |
| 041 0# - IDIOMA | |
| Código de idioma para texto/pista de sonido o título separado | Inglés |
| 044 ## - PAÍS DE PUBLICACIÓN | |
| País de publicación | Kenia |
| 082 00 - NUMERO DE CLASIFICACION DECIMAL DEWEY | |
| Número de clasificación | 363.1 |
| Número del ítem | U56i |
| 245 00 - MENCION DE TITULO | |
| Título | UNEP International Technical Guidelines for Safety in Biotechnology |
| 260 ## - PUBLICACION, DISTRIBUCION, ETC. (PIE DE IMPRENTA) | |
| Lugar de publicación, distribución, etc. | Nairobi, Kenia : |
| Nombre del editor, distribuidor, etc. | United Nations Environment Programme, |
| Fecha de publicación, distribución, etc. | 1992?. |
| 300 ## - DESCRIPCION FISICA | |
| Extensión | 31 páginas ; |
| Dimensiones | 26 x 20 cm. |
| 650 26 - ASIENTO SECUNDARIO DE MATERIA - TERMINO TEMATICO | |
| Término temático o nombre geográfico como elemento de entrada | Bioseguridad |
| Subdivisión de forma | Guías |
| 9 (RLIN) | 86876 |
| 650 26 - ASIENTO SECUNDARIO DE MATERIA - TERMINO TEMATICO | |
| Término temático o nombre geográfico como elemento de entrada | Biotecnología |
| Subdivisión de forma | Guías |
| 9 (RLIN) | 86877 |
| 710 2# - ASIENTO SECUNDARIO - NOMBRE CORPORATIVO | |
| Nombre corporativo o de jurisdicción como elemento de entrada | United Nations Environment Programme |
| 9 (RLIN) | 8871 |
| 942 ## - ELEMENTOS ADICIONALES (KOHA) | |
| Sistema de clasificación | Dewey Decimal Classification |
| Tipo de ítem | Folleto |
| Withdrawn status | Lost status | Sistema de Clasificación | Damaged status | No para préstamo | Colección | Ubicación Permanente | Ubicación actual | Fecha de adquisición | Total Checkouts | Número topográfico | Inventario / Código de Barras | Date last seen | Ejemplar | Price effective from | Forma de adquisición | Tipo de material |
|---|---|---|---|---|---|---|---|---|---|---|---|---|---|---|---|---|
| Dewey Decimal Classification | General | Sala Fabio Quevedo | Sala Fabio Quevedo | 14/11/2017 | LB-363.1 U56i | 001593 | 14/11/2017 | Ej. 1 | 14/11/2017 | Donación | Folleto |